[Event "Basel Hilton op 03rd"]
[Site "Basel"]
[Date "2001.01.07"]
[Round "7"]
[White "Staechelin, Ruedi"]
[Black "Suetin, Alexey S"]
[Result "1/2-1/2"]
[WhiteElo "2215"]
[BlackElo "2352"]
[PlyCount "75"]
[EventDate "2001.01.01"]
[EventType "swiss"]
[EventRounds "7"]
[EventCountry "SUI"]
[SourceTitle "CBM 080 Extra"]
[Source "ChessBase"]
[SourceDate "2001.03.08"]
[SourceVersion "1"]
[SourceVersionDate "2001.03.08"]
[SourceQuality "1"]

1. e4 c5 2. Nf3 d6 3. Bb5+ Nd7 4. d4 cxd4 5. Qxd4 e5 6. Qd1 Be7 7. Nc3 Ngf6 8. Bg5 0-0 9. 0-0 Nb6 10. Re1 Be6 11. Bd3 Rc8 12. Qe2 a6 13. Nd1 Nbd7 14. c4 Nc5 15. b3 h6 16. Bxf6 Bxf6 17. Qd2 Bg4 18. Qe3 Ne6 19. h3 Bxf3 20. Qxf3 Nd4 21. Qg4 g6 22. Ne3 h5 23. Qd1 Bg7 24. g3 Bh6 25. Nd5 h4 26. Kg2 Kg7 27. Qg4 hxg3 28. fxg3 Qg5 29. Qxg5 Bxg5 30. h4 Bd8 31. Rf1 b5 32. Rac1 bxc4 33. Rxc4 Rxc4 34. Bxc4 a5 35. Bd3 Ne6 36. Bc2 Nd4 37. Bd3 Ne6 38. Bc2 1/2-1/2

[Event "Basel Hilton op 03rd"]
[Site "Basel"]
[Date "2001.01.03"]
[Round "3"]
[White "Sturua, Zurab"]
[Black "Suetin, Alexey S"]
[Result "1-0"]
[WhiteElo "2580"]
[BlackElo "2352"]
[PlyCount "116"]
[EventDate "2001.01.01"]
[EventType "swiss"]
[EventRounds "7"]
[EventCountry "SUI"]
[SourceTitle "CBM 080 Extra"]
[Source "ChessBase"]
[SourceDate "2001.03.08"]
[SourceVersion "1"]
[SourceVersionDate "2001.03.08"]
[SourceQuality "1"]

1. d4 Nf6 2. c4 c5 3. d5 e5 4. Nc3 d6 5. e4 Be7 6. Nge2 0-0 7. g3 Ne8 8. Bg2 Na6 9. 0-0 Nac7 10. Be3 g6 11. Qd2 Ng7 12. f4 Nce8 13. Nc1 b6 14. Nd3 exf4 15. gxf4 Nf6 16. h3 Nfh5 17. a4 a5 18. Rf3 Bh4 19. Bf2 Re8 20. Re1 Bd7 21. Re2 Bxf2+ 22. Rexf2 Qh4 23. Re2 Re7 24. Qe1 Qxe1+ 25. Rxe1 Rae8 26. Kf2 h6 27. Rfe3 Kf8 28. Bf3 Rd8 29. b3 g5 30. fxg5 hxg5 31. Rg1 f6 32. Bg4 Kf7 33. Rf3 Kg6 34. h4 Bxg4 35. Rxg4 Kh6 36. hxg5+ fxg5 37. e5 dxe5 38. Ne4 Nf4 39. Rxg5 Rf8 40. Nxf4 Rxf4 41. Rxf4 exf4 42. Kf3 Rf7 43. Rg4 Nf5 44. Kxf4 Nd4+ 45. Ke5 Rf3 46. Kd6 Kh5 47. Rg8 Rxb3 48. Kc7 Nf5 49. d6 Nxd6 50. Nxd6 Rb4 51. Rg7 Kh6 52. Rg2 Kh7 53. Kc6 Kh8 54. Rg1 Kh7 55. Nc8 Rxc4 56. Nxb6 Rc2 57. Kb5 Rc3 58. Kxa5 Rb3 1-0

[Event "Lenk op 12th"]
[Site "Lenk"]
[Date "2000.04.21"]
[Round "3"]
[White "Tukmakov, Vladimir B"]
[Black "Suetin, Alexey S"]
[Result "1-0"]
[WhiteElo "2574"]
[BlackElo "2361"]
[PlyCount "69"]
[EventDate "2000.04.20"]
[EventType "swiss"]
[EventRounds "7"]
[EventCountry "SUI"]
[SourceTitle "EXT 2001"]
[Source "ChessBase"]
[SourceDate "2000.11.22"]
[SourceVersion "1"]
[SourceVersionDate "2000.11.22"]
[SourceQuality "1"]

1. Nf3 c5 2. c4 Nf6 3. Nc3 d5 4. cxd5 Nxd5 5. d4 cxd4 6. Qxd4 Nxc3 7. Qxc3 Nc6 8. e4 e6 9. Bb5 Bd7 10. 0-0 Qb6 11. a4 Qc5 12. Qe1 a6 13. Be3 Qb4 14. Bd2 Qd6 15. Be2 Be7 16. Rd1 Qc7 17. b4 0-0 18. b5 axb5 19. axb5 Nb8 20. Bc3 f6 21. Rc1 Qd8 22. Bc4 Qe8 23. Qe2 Kh8 24. e5 f5 25. Nd4 Bc5 26. Rfd1 Bc8 27. Bb3 b6 28. Qc4 f4 29. Nxe6 Bxe6 30. Qxe6 Qh5 31. Bd4 Bxd4 32. Rxd4 f3 33. Rc8 Nd7 34. Rxf8+ Rxf8 35. Rxd7 1-0

[Event "Bern Ambassador op"]
[Site "Bern"]
[Date "1999.12.29"]
[Round "6"]
[White "Suetin, Alexey S"]
[Black "Kaenel, Hansjuerg"]
[Result "1-0"]
[WhiteElo "2361"]
[BlackElo "2408"]
[PlyCount "67"]
[EventDate "1998.12.??"]
[EventType "swiss"]
[EventRounds "7"]
[EventCountry "SUI"]
[SourceTitle "EXT 2001"]
[Source "ChessBase"]
[SourceDate "2000.11.22"]
[SourceVersion "1"]
[SourceVersionDate "2000.11.22"]
[SourceQuality "1"]

1. e4 c5 2. Nf3 e6 3. d4 cxd4 4. Nxd4 Nc6 5. Nc3 Qc7 6. Be3 a6 7. Bd3 Nf6 8. Qe2 Bb4 9. 0-0 0-0 10. f4 Bc5 11. Nb3 Bxe3+ 12. Qxe3 d6 13. Kh1 b5 14. Qg3 Bb7 15. Rae1 Rad8 16. Qh4 b4 17. Nd1 a5 18. Nd2 h6 19. Re3 Qe7 20. Qe1 Nd7 21. Rg3 Nc5 22. Qe3 Kh8 23. f5 exf5 24. Rxf5 Bc8 25. Rf1 Nxd3 26. cxd3 d5 27. Qb6 Qb7 28. Qc5 Be6 29. Ne3 dxe4 30. Nxe4 Bxa2 31. Nf5 Qd7 32. Nxg7 Qd5 33. Qe3 Rd6 34. Nf6 1-0

[Event "Bern Ambassador op"]
[Site "Bern"]
[Date "1999.12.28"]
[Round "4"]
[White "Suetin, Alexey S"]
[Black "Burmakin, Vladimir"]
[Result "0-1"]
[WhiteElo "2361"]
[BlackElo "2567"]
[PlyCount "62"]
[EventDate "1998.12.??"]
[EventType "swiss"]
[EventRounds "7"]
[EventCountry "SUI"]
[SourceTitle "EXT 2001"]
[Source "ChessBase"]
[SourceDate "2000.11.22"]
[SourceVersion "1"]
[SourceVersionDate "2000.11.22"]
[SourceQuality "1"]

1. e4 d6 2. d4 Nf6 3. Nc3 g6 4. g3 Bg7 5. Bg2 0-0 6. Nge2 Nbd7 7. 0-0 c5 8. h3 Rb8 9. a4 b6 10. Re1 a6 11. b3 Bb7 12. Bb2 Qc7 13. Qd2 Rfd8 14. Rad1 Nf8 15. d5 e6 16. g4 e5 17. Ng3 h6 18. f3 Qe7 19. Qf2 N6h7 20. Nf1 Bc8 21. Ne3 Bf6 22. Qe2 Bh4 23. Rf1 Bg3 24. Rd3 Qh4 25. Rfd1 Ng5 26. Qf1 Nfh7 27. Ne2 Nxh3+ 28. Bxh3 Ng5 29. Nxg3 Nxh3+ 30. Kg2 Nf4+ 31. Kf2 Qh2+ 0-1

[Event "Wch Seniors 09th"]
[Site "Gladenbach"]
[Date "1999.11.18"]
[Round "9"]
[White "Suetin, Alexey S"]
[Black "Rosen, Willy"]
[Result "0-1"]
[WhiteElo "2391"]
[BlackElo "2282"]
[PlyCount "92"]
[EventDate "1999.11.07"]
[EventType "swiss"]
[EventRounds "11"]
[EventCountry "GER"]
[SourceTitle "EXT 2001"]
[Source "ChessBase"]
[SourceDate "2000.11.22"]
[SourceVersion "1"]
[SourceVersionDate "2000.11.22"]
[SourceQuality "1"]

1. e4 c5 2. Nf3 Nc6 3. d4 cxd4 4. Nxd4 Qb6 5. Nb3 Nf6 6. Nc3 e6 7. Bd3 a6 8. 0-0 Be7 9. a4 Qc7 10. f4 d6 11. a5 b5 12. axb6 Qxb6+ 13. Kh1 0-0 14. Na4 Qc7 15. c3 Rb8 16. Bc2 Rd8 17. Qe2 Rb5 18. Be3 e5 19. fxe5 Nxe5 20. Nd4 Rb8 21. Nf5 Bf8 22. Bg5 Ned7 23. Rad1 Re8 24. Nh6+ gxh6 25. Bxf6 Nxf6 26. Rxf6 Rb5 27. Rdf1 Be6 28. b4 Bg7 29. R6f2 Qc6 30. Bd3 Rg5 31. Qc2 h5 32. c4 Bd4 33. b5 axb5 34. cxb5 Qa8 35. Rd2 Rc8 36. Qd1 Qa5 37. Bc2 Qxb5 38. Rxd4 Rxc2 39. Rg1 Bb3 40. Rxd6 Qxa4 41. Rd8+ Kg7 42. Qd6 Qxe4 43. Qf8+ Kg6 44. Qg8+ Kh6 45. Qf8+ Rg7 46. Rc8 Rcxg2 0-1

[Event "Wch Seniors 09th"]
[Site "Gladenbach"]
[Date "1999.11.11"]
[Round "4"]
[White "Suetin, Alexey S"]
[Black "Durao, Joaquim Manuel"]
[Result "1-0"]
[WhiteElo "2391"]
[BlackElo "2116"]
[PlyCount "83"]
[EventDate "1999.11.07"]
[EventType "swiss"]
[EventRounds "11"]
[EventCountry "GER"]
[SourceTitle "EXT 2001"]
[Source "ChessBase"]
[SourceDate "2000.11.22"]
[SourceVersion "1"]
[SourceVersionDate "2000.11.22"]
[SourceQuality "1"]

1. e4 c5 2. Ne2 e6 3. d4 cxd4 4. Nxd4 a6 5. c4 Qc7 6. Nc3 Nf6 7. Bd3 b6 8. 0-0 Bb7 9. Be3 d6 10. Rc1 Nbd7 11. f3 Be7 12. b3 0-0 13. Bb1 Ne5 14. Kh1 Rfe8 15. f4 Neg4 16. Bg1 e5 17. Nf5 exf4 18. Rxf4 Ne5 19. Bd4 Rac8 20. Rf1 Bf8 21. Qd2 Nfd7 22. Qg5 f6 23. Qf4 Nc5 24. Qg3 Ng6 25. Rfe1 Nd7 26. h4 b5 27. cxb5 axb5 28. h5 Nge5 29. Nxg7 Bxg7 30. h6 Ng6 31. hxg7 Nde5 32. Be3 Qd7 33. Ne2 Ng4 34. Rxc8 Qxc8 35. Nd4 Bxe4 36. Bxe4 Rxe4 37. Bg1 Qe8 38. Rxe4 Qxe4 39. Nxb5 Qf5 40. Nxd6 Qh5+ 41. Qh3 Qg5 42. Ne4 1-0

[Event "Lenk op"]
[Site "Lenk"]
[Date "1999.??.??"]
[Round "3"]
[White "Curien, Nicolas"]
[Black "Suetin, Alexey S"]
[Result "0-1"]
[WhiteElo "2215"]
[BlackElo "2391"]
[PlyCount "73"]
[EventDate "1999.03.31"]
[EventType "swiss"]
[EventRounds "9"]
[EventCountry "SUI"]
[SourceTitle "EXT 2000"]
[Source "ChessBase"]
[SourceDate "1999.11.16"]
[SourceVersion "1"]
[SourceVersionDate "1999.11.16"]
[SourceQuality "1"]

1. d4 Nf6 2. Bg5 Ne4 3. Bf4 c5 4. f3 Qa5+ 5. c3 Nf6 6. d5 Qb6 7. b3 e6 8. e4 Bd6 9. Bxd6 Qxd6 10. dxe6 Qxd1+ 11. Kxd1 fxe6 12. Kc2 0-0 13. Nd2 d5 14. Bd3 Nc6 15. Kb2 Rd8 16. Rd1 Ne5 17. Bc2 dxe4 18. fxe4 Nfg4 19. Nh3 Ne3 20. Rde1 Nxg2 21. Re2 Nh4 22. Nf4 Rf8 23. Nh5 g6 24. Ng3 Bd7 25. Rf1 Rxf1 26. Ndxf1 Kf7 27. Ne3 Ke7 28. a4 Nhf3 29. Ngf1 Rf8 30. b4 cxb4 31. cxb4 Nd4 32. Rd2 Nef3 33. Rf2 Ng5 34. Rg2 Nxc2 35. Rxc2 Bxa4 36. Rc4 Rf2+ 37. Ka3 0-1

[Event "Moscow m"]
[Site "Moscow"]
[Date "1999.??.??"]
[Round "?"]
[White "Karasev, Vladimir I"]
[Black "Suetin, Alexey S"]
[Result "1/2-1/2"]
[WhiteElo "2353"]
[BlackElo "2391"]
[PlyCount "43"]
[EventDate "1999.??.??"]
[EventType "team"]
[EventRounds "2"]
[EventCountry "RUS"]
[SourceTitle "EXT 2001"]
[Source "ChessBase"]
[SourceDate "2000.11.22"]
[SourceVersion "1"]
[SourceVersionDate "2000.11.22"]
[SourceQuality "1"]

1. Nf3 c5 2. e4 e6 3. d4 cxd4 4. Nxd4 Nc6 5. Nc3 Qc7 6. f4 a6 7. Nxc6 Qxc6 8. Bd3 b5 9. Qe2 Bb7 10. Bd2 Bc5 11. Qg4 g6 12. a3 Nf6 13. Qe2 0-0-0 14. 0-0-0 d5 15. e5 Ne4 16. Bxe4 dxe4 17. Rhe1 e3 18. Bxe3 Bxa3 19. Nxb5 Bxb2+ 20. Kxb2 Qxb5+ 21. Qxb5 axb5 22. g3 1/2-1/2

[Event "Dresden op 08th"]
[Site "Dresden"]
[Date "1999.??.??"]
[Round "?"]
[White "Suetin, Alexey S"]
[Black "Berthold, Andreas"]
[Result "1/2-1/2"]
[WhiteElo "2380"]
[BlackElo "2155"]
[PlyCount "90"]
[EventDate "1999.07.15"]
[EventType "swiss"]
[EventRounds "9"]
[EventCountry "GER"]
[SourceTitle "EXT 2000"]
[Source "ChessBase"]
[SourceDate "1999.11.16"]
[SourceVersion "1"]
[SourceVersionDate "1999.11.16"]
[SourceQuality "1"]

1. e4 c5 2. Nf3 d6 3. d4 cxd4 4. Nxd4 Nf6 5. Nc3 a6 6. g3 e6 7. Bg2 Bd7 8. 0-0 Nc6 9. Re1 Qb6 10. Nb3 Be7 11. a4 Rc8 12. a5 Qc7 13. Be3 Ne5 14. Bb6 Qb8 15. Nd2 Bc6 16. f4 Ned7 17. Bf2 h5 18. h3 h4 19. g4 g5 20. fxg5 Nh7 21. g6 fxg6 22. Nf3 Ng5 23. Nd4 Ne5 24. Be3 Bd7 25. Qc1 Ngf7 26. Rf1 Nc4 27. Kh1 Nxe3 28. Qxe3 Bg5 29. Qe2 0-0 30. Na4 Bd8 31. Qd2 Qa7 32. c3 Bxa5 33. b4 Bd8 34. Nb2 Bg5 35. Qe1 Ne5 36. Rxf8+ Rxf8 37. Rd1 Qb8 38. Nd3 Nxd3 39. Rxd3 Qd8 40. Nf3 Be7 41. c4 Qc7 42. e5 Qxc4 43. Rd4 Qc6 44. exd6 Bf6 45. Rd3 Qc4 1/2-1/2

[Event "Crans Montana op"]
[Site "Crans Montana"]
[Date "1999.??.??"]
[Round "2"]
[White "Suetin, Alexey S"]
[Black "Eggenberger, Ulrich"]
[Result "1-0"]
[WhiteElo "2391"]
[BlackElo "2080"]
[PlyCount "89"]
[EventDate "1999.04.07"]
[EventType "swiss"]
[EventRounds "9"]
[EventCountry "SUI"]
[SourceTitle "EXT 2000"]
[Source "ChessBase"]
[SourceDate "1999.11.16"]
[SourceVersion "1"]
[SourceVersionDate "1999.11.16"]
[SourceQuality "1"]

1. e4 e6 2. d4 d5 3. Nc3 Nf6 4. e5 Nfd7 5. f4 c5 6. Nf3 Nc6 7. Be3 Qb6 8. Na4 Qa5+ 9. c3 c4 10. b4 Qc7 11. Be2 b6 12. 0-0 Ne7 13. Bf2 g6 14. Nb2 a6 15. a4 Bb7 16. Qe1 h5 17. Nd1 Nb8 18. Bh4 Bg7 19. Ne3 Nf5 20. Nxf5 exf5 21. Bd1 Bc8 22. Bf6 Rg8 23. Bxg7 Rxg7 24. Nd2 Be6 25. Qg3 Rh7 26. Bf3 Ra7 27. Qf2 Qd8 28. Rfe1 Rd7 29. Nf1 Kf8 30. Ne3 Kg7 31. b5 a5 32. Ra2 Rh8 33. Rd1 Qc8 34. Rad2 Qc7 35. g3 Rc8 36. h3 Qd8 37. Qg2 Rcc7 38. Rf2 Kf8 39. g4 hxg4 40. hxg4 fxg4 41. Bxg4 f5 42. exf6 Qxf6 43. f5 gxf5 44. Bxf5 Rf7 45. Rdf1 1-0

[Event "Lenk op"]
[Site "Lenk"]
[Date "1999.??.??"]
[Round "4"]
[White "Suetin, Alexey S"]
[Black "Forchert, Martin"]
[Result "1/2-1/2"]
[WhiteElo "2391"]
[BlackElo "2317"]
[PlyCount "78"]
[EventDate "1999.03.31"]
[EventType "swiss"]
[EventRounds "9"]
[EventCountry "SUI"]
[SourceTitle "EXT 2000"]
[Source "ChessBase"]
[SourceDate "1999.11.16"]
[SourceVersion "1"]
[SourceVersionDate "1999.11.16"]
[SourceQuality "1"]

1. e4 Nf6 2. e5 Nd5 3. d4 d6 4. c4 Nb6 5. f4 dxe5 6. fxe5 Nc6 7. Be3 Bf5 8. Nc3 e6 9. Nf3 Bg4 10. Be2 Bxf3 11. gxf3 Qh4+ 12. Bf2 Qf4 13. c5 Nd7 14. Bb5 Be7 15. 0-0 Rd8 16. Bxc6 bxc6 17. Qe2 Bh4 18. Bxh4 Qxh4 19. Qe4 Qxe4 20. fxe4 f6 21. exf6 Nxf6 22. Rad1 Ke7 23. Rf3 Rhf8 24. e5 Nd5 25. Nxd5+ cxd5 26. Ra3 Ra8 27. Rf1 Rxf1+ 28. Kxf1 Rf8+ 29. Kg2 Rf4 30. Rxa7 Kd7 31. Ra4 g5 32. Rb4 h5 33. a4 Rg4+ 34. Kh1 Re4 35. h4 Re1+ 36. Kg2 Rd1 37. b3 Rd2+ 38. Kg1 Rd1+ 39. Kg2 Rd2+ 1/2-1/2

[Event "Dresden op 08th"]
[Site "Dresden"]
[Date "1999.??.??"]
[Round "?"]
[White "Suetin, Alexey S"]
[Black "Lichtenberg, Hans Juergen"]
[Result "1-0"]
[WhiteElo "2380"]
[BlackElo "2175"]
[PlyCount "41"]
[EventDate "1999.07.15"]
[EventType "swiss"]
[EventRounds "9"]
[EventCountry "GER"]
[SourceTitle "EXT 2000"]
[Source "ChessBase"]
[SourceDate "1999.11.16"]
[SourceVersion "1"]
[SourceVersionDate "1999.11.16"]
[SourceQuality "1"]

1. e4 c5 2. Ne2 Nc6 3. d4 cxd4 4. Nxd4 Nf6 5. Nc3 e5 6. Nf5 d6 7. Bg5 Bxf5 8. exf5 Qa5 9. Bxf6 gxf6 10. Qd5 Qxd5 11. Nxd5 0-0-0 12. 0-0-0 Bh6+ 13. Kb1 Bg7 14. Bd3 Kb8 15. Be4 Rhe8 16. Rhe1 Rh8 17. Rd3 Rd7 18. Rg3 Bh6 19. Nxf6 Rdd8 20. Rd1 Ne7 21. a4 1-0

[Event "Crans Montana op"]
[Site "Crans Montana"]
[Date "1999.??.??"]
[Round "5"]
[White "Suetin, Alexey S"]
[Black "Loetscher, Roland"]
[Result "1-0"]
[WhiteElo "2391"]
[BlackElo "2180"]
[PlyCount "83"]
[EventDate "1999.04.07"]
[EventType "swiss"]
[EventRounds "9"]
[EventCountry "SUI"]
[SourceTitle "EXT 2000"]
[Source "ChessBase"]
[SourceDate "1999.11.16"]
[SourceVersion "1"]
[SourceVersionDate "1999.11.16"]
[SourceQuality "1"]

1. e4 c5 2. Ne2 d6 3. g3 Nc6 4. Bg2 g6 5. c3 Bg7 6. d4 Bg4 7. f3 Bd7 8. Be3 cxd4 9. cxd4 Nf6 10. Nbc3 0-0 11. Qd2 Qa5 12. 0-0 Rab8 13. h3 b5 14. f4 b4 15. Nd1 Qa6 16. e5 Ne8 17. b3 Nc7 18. Rc1 Rfc8 19. Bf2 Na5 20. Ne3 Bc6 21. Bxc6 Nxc6 22. Rc2 Qb5 23. d5 Na5 24. exd6 exd6 25. Rfc1 Qd7 26. Nd4 Na6 27. Nc6 Nxc6 28. dxc6 Qe6 29. c7 Rb5 30. Qd3 Ra5 31. Rc6 Nc5 32. Qxd6 Qxd6 33. Rxd6 Ne6 34. Nd5 Bf8 35. Rd7 Rxa2 36. Rc6 Nxc7 37. Rcxc7 Rxc7 38. Rxc7 Rd2 39. Ne7+ Kg7 40. Rxa7 Rd3 41. Nc6 Rxb3 42. Ne5 1-0

[Event "Crans Montana op"]
[Site "Crans Montana"]
[Date "1999.??.??"]
[Round "3"]
[White "Suetin, Alexey S"]
[Black "Luther, Thomas"]
[Result "0-1"]
[WhiteElo "2391"]
[BlackElo "2542"]
[PlyCount "86"]
[EventDate "1999.04.07"]
[EventType "swiss"]
[EventRounds "9"]
[EventCountry "SUI"]
[SourceTitle "EXT 2000"]
[Source "ChessBase"]
[SourceDate "1999.11.16"]
[SourceVersion "1"]
[SourceVersionDate "1999.11.16"]
[SourceQuality "1"]

1. c4 e6 2. Nf3 d5 3. g3 dxc4 4. Qa4+ Nd7 5. Bg2 a6 6. Qxc4 b5 7. Qc2 Bb7 8. 0-0 Ngf6 9. d3 Be7 10. a4 c5 11. Nc3 Qb6 12. Qb3 Nd5 13. axb5 axb5 14. Rxa8+ Bxa8 15. Bg5 Nxc3 16. Qxc3 Bxg5 17. Nxg5 0-0 18. Ra1 Bxg2 19. Kxg2 Qc6+ 20. Kg1 Ra8 21. Qc1 h6 22. Nf3 Rxa1 23. Qxa1 c4 24. dxc4 bxc4 25. Qd1 Qd5 26. Qxd5 exd5 27. Nd4 Kf8 28. Kf1 Ke7 29. Ke1 Nc5 30. f3 Ne6 31. Nf5+ Kd7 32. e3 h5 33. Kd2 g6 34. Nd4 Nxd4 35. exd4 Kc6 36. Kc3 Kb5 37. g4 f5 38. g5 Ka4 39. f4 h4 40. h3 Ka5 41. b3 cxb3 42. Kxb3 Kb5 43. Kc3 Ka4 0-1

[Event "Wch Seniors 08th"]
[Site "Grieskirchen"]
[Date "1998.11.20"]
[Round "11"]
[White "Ivkov, Borislav"]
[Black "Suetin, Alexey S"]
[Result "1/2-1/2"]
[WhiteElo "2440"]
[BlackElo "2400"]
[PlyCount "25"]
[EventDate "1998.11.08"]
[EventType "swiss"]
[EventRounds "11"]
[EventCountry "AUT"]
[SourceTitle "CBM 067 Extra"]
[Source "ChessBase"]
[SourceDate "1999.01.01"]
[SourceVersion "1"]
[SourceVersionDate "1999.01.01"]
[SourceQuality "1"]

1. Nf3 c5 2. c4 Nf6 3. Nc3 Nc6 4. e3 e6 5. d4 d5 6. a3 a6 7. dxc5 Bxc5 8. b4 Bd6 9. Bb2 0-0 10. cxd5 exd5 11. Be2 Be6 12. 0-0 Qd7 13. Rc1 1/2-1/2

[Event "Wch Seniors 08th"]
[Site "Grieskirchen"]
[Date "1998.11.19"]
[Round "10"]
[White "Suetin, Alexey S"]
[Black "Tscherne, Josef"]
[Result "1-0"]
[WhiteElo "2400"]
[BlackElo "2025"]
[PlyCount "81"]
[EventDate "1998.11.08"]
[EventType "swiss"]
[EventRounds "11"]
[EventCountry "AUT"]
[SourceTitle "CBM 067 Extra"]
[Source "ChessBase"]
[SourceDate "1999.01.01"]
[SourceVersion "1"]
[SourceVersionDate "1999.01.01"]
[SourceQuality "1"]

1. e4 e5 2. Nf3 d6 3. d4 Nd7 4. Bc4 c6 5. 0-0 Be7 6. a4 h6 7. Nc3 Ngf6 8. Re1 0-0 9. Ba2 Re8 10. dxe5 dxe5 11. Nh4 Nc5 12. Qf3 Be6 13. Nf5 Bxa2 14. Rxa2 Bf8 15. Be3 Ncd7 16. Raa1 Kh7 17. Rad1 Qc7 18. g4 Re6 19. Ng3 g6 20. h4 Re7 21. Kg2 Bg7 22. g5 Ng8 23. h5 Nf8 24. Rh1 Ne6 25. gxh6 Bf6 26. Nce2 Bg5 27. Bxg5 Nxg5 28. Qe3 Ne6 29. Ng1 Qb6 30. Nf3 Qxe3 31. fxe3 Nf6 32. hxg6+ fxg6 33. Nxe5 Ng5 34. Rdf1 Nfxe4 35. Nxe4 Nxe4 36. Nf7 Re6 37. Rh4 Rae8 38. Rhf4 g5 39. Rxe4 Kg6 40. Rxe6+ Rxe6 41. Rh1 1-0

[Event "Cappelle op 14th"]
[Site "Cappelle la Grande"]
[Date "1998.02.27"]
[Round "8"]
[White "San Segundo Carrillo, Pablo"]
[Black "Suetin, Alexey S"]
[Result "1-0"]
[WhiteElo "2505"]
[BlackElo "2390"]
[PlyCount "101"]
[EventDate "1998.02.21"]
[EventType "swiss"]
[EventRounds "9"]
[EventCountry "FRA"]
[SourceTitle "CBM 063 Extra"]
[Source "ChessBase"]
[SourceDate "1998.04.29"]
[SourceVersion "1"]
[SourceVersionDate "1998.04.29"]
[SourceQuality "1"]

1. d4 d5 2. Nf3 a6 3. g3 Nf6 4. Bg2 e6 5. 0-0 Be7 6. c4 0-0 7. Nc3 dxc4 8. Ne5 Nc6 9. Bxc6 bxc6 10. Nxc6 Qe8 11. Nxe7+ Qxe7 12. Qa4 c5 13. Qxc4 cxd4 14. Qxd4 Bb7 15. Bg5 Rab8 16. Rfd1 Ba8 17. Bxf6 gxf6 18. b3 Rb4 19. Qd7 Qc5 20. Qd6 Qa5 21. Rac1 Rbb8 22. Na4 Bd5 23. Qc5 Qb5 24. Qd4 Ba8 25. Rc4 Qg5 26. Nb6 Kg7 27. Nxa8 Rxa8 28. Rc5 e5 29. f4 Qg4 30. fxe5 Qxe2 31. exf6+ Kh8 32. Qd2 Qe6 33. Qf2 Rae8 34. Rcc1 Qg4 35. Re1 Rd8 36. Rc4 Qg6 37. Rd4 Rc8 38. Rdd1 Rcd8 39. Rd4 Rc8 40. Re2 Rc6 41. Rf4 h6 42. Qd4 Qh5 43. Qe5 Qh3 44. Rh4 Rc1+ 45. Re1 Rxe1+ 46. Qxe1 Qf5 47. Qd2 Kg8 48. Qxh6 Qc5+ 49. Kg2 Qd5+ 50. Kh3 Qf5+ 51. Rg4+ 1-0

[Event "GER-ch Seniors int 10th"]
[Site "Weilburg"]
[Date "1998.??.??"]
[Round "8"]
[White "Klovans, Janis"]
[Black "Suetin, Alexey S"]
[Result "1/2-1/2"]
[WhiteElo "2465"]
[BlackElo "2400"]
[PlyCount "39"]
[EventDate "1998.08.??"]
[EventType "swiss"]
[EventRounds "9"]
[EventCountry "GER"]
[SourceTitle "EXT 2000"]
[Source "ChessBase"]
[SourceDate "1999.11.16"]
[SourceVersion "1"]
[SourceVersionDate "1999.11.16"]
[SourceQuality "1"]

1. e4 e6 2. d4 d5 3. Nc3 Nf6 4. Bg5 dxe4 5. Nxe4 Be7 6. Bxf6 Bxf6 7. Nf3 0-0 8. Qd2 Be7 9. Bd3 b6 10. 0-0-0 Bb7 11. Kb1 Nd7 12. Rhe1 Nf6 13. Ne5 Nxe4 14. Bxe4 Bxe4 15. Rxe4 Qd5 16. Qe2 Rad8 17. c4 Qb7 18. Qf3 c5 19. Re2 Qxf3 20. Nxf3 1/2-1/2

[Event "GER-ch Seniors int 10th"]
[Site "Weilburg"]
[Date "1998.??.??"]
[Round "9"]
[White "Suetin, Alexey S"]
[Black "Chernikov, Oleg L"]
[Result "1/2-1/2"]
[WhiteElo "2400"]
[BlackElo "2405"]
[PlyCount "24"]
[EventDate "1998.08.??"]
[EventType "swiss"]
[EventRounds "9"]
[EventCountry "GER"]
[SourceTitle "EXT 2000"]
[Source "ChessBase"]
[SourceDate "1999.11.16"]
[SourceVersion "1"]
[SourceVersionDate "1999.11.16"]
[SourceQuality "1"]

1. c4 e6 2. Nf3 d5 3. g3 Nf6 4. Bg2 Be7 5. 0-0 0-0 6. b3 c5 7. cxd5 Nxd5 8. Bb2 Nc6 9. Nc3 Bf6 10. Qc1 Nxc3 11. Bxc3 Bxc3 12. Qxc3 Qd6 1/2-1/2

[Event "GER-ch Seniors int 10th"]
[Site "Weilburg"]
[Date "1998.??.??"]
[Round "6"]
[White "Suetin, Alexey S"]
[Black "Lange, Helmut"]
[Result "1-0"]
[WhiteElo "2400"]
[BlackElo "2205"]
[PlyCount "111"]
[EventDate "1998.08.??"]
[EventType "swiss"]
[EventRounds "9"]
[EventCountry "GER"]
[SourceTitle "EXT 2000"]
[Source "ChessBase"]
[SourceDate "1999.11.16"]
[SourceVersion "1"]
[SourceVersionDate "1999.11.16"]
[SourceQuality "1"]

1. e4 c6 2. d4 d5 3. exd5 cxd5 4. c4 e6 5. Nc3 Nf6 6. Nf3 Bb4 7. Bg5 0-0 8. Qb3 Nc6 9. Rd1 h6 10. Bh4 dxc4 11. Bxc4 Be7 12. Qc2 Nb4 13. Qe2 Bd7 14. 0-0 Bc6 15. Rfe1 Bd5 16. Nxd5 Nbxd5 17. Bg3 Rc8 18. Bb3 Bb4 19. Rf1 a6 20. Ne5 Qe7 21. f4 Ba5 22. f5 exf5 23. Rxf5 Rcd8 24. Bh4 Bb6 25. Qf3 Qb4 26. Bf2 Qe7 27. Re1 Qc7 28. h3 Rd6 29. Nc4 Rc6 30. Nxb6 Nxb6 31. Bg3 Qd8 32. d5 Rc8 33. d6 Nbd7 34. Re7 Qb6+ 35. Kh2 Rc1 36. Qf2 Qc6 37. Bf4 Rc5 38. Rxc5 Nxc5 39. Rc7 Nce4 40. Rxc6 Nxf2 41. Rc7 Nd3 42. Bg3 b6 43. d7 Nc5 44. Bd6 Ncxd7 45. Bxf8 Kxf8 46. Ra7 a5 47. Bc4 Ke7 48. b3 Kf8 49. a4 Ke7 50. g4 Ke8 51. Kg2 Kf8 52. Kf2 Ne4+ 53. Ke3 Nec5 54. Kd4 h5 55. g5 Ne6+ 56. Bxe6 1-0